01920nam a22004091i 4500001001200000003000800012006001900020007001500039008004100054020002500095020002700120040003500147043002100182050002300203082001500226100002500241245008100266264004600347300005100393336002100444337002300465338003200488504006900520588004700589590014700636610003600783610005500819650005200874651005200926651005500978651005501033655002201088776024301110797001201353856012601365999001901491ebr10773030CaPaEBRm o d cr cn|||||||||130805s2013 enka ob 001 0 eng d z9781780764498 (hbk.) a9780857721556 (e-book) aCaPaEBRbengerdaepncCaPaEBR ae-uk-enae-uk---14aDA535b.K45 2013eb04a940.072231 aKelly, Linda,d1936-10aHolland House :ba history of London's most celebrated salon /cLinda Kelly. 1aLondon ;aNew York :bI.B. Tauris,c2013. a1 online resource (279 pages) :billustrations atext2rdacontent acomputer2rdamedia aonline resource2rdacarrier aIncludes bibliographical references (pages [243]-246) and index. aDescription based on print version record. aElectronic reproduction. Palo Alto, Calif. : ebrary, 2013. Available via World Wide Web. Access may be limited to ebrary affiliated libraries.20aHolland House (London, England)20aWhig Party (Great Britain)xHistoryy19th century. 0aSalonszEnglandzLondonxHistoryy19th century. 0aGreat BritainxIntellectual lifey19th century. 0aLondon (England)xIntellectual lifey19th century. 0aGreat BritainxPolitics and governmenty1800-1837. 0aElectronic books.08iPrint version:aKelly, Linda,1936-.tHolland House : a history of London's most celebrated salon.dLondon : I.B. Tauris, 2013hxii, 259 pages, 8 unnumbered pages : illustrations ; 24 cm.z9781780764498w(OCoLC)813861240w(DLC) 20134315372 aebrary.40uhttp://site.ebrary.com/lib/rucke/Doc?id=10773030zAn electronic book accessible through the World Wide Web; click to view c129438d129438